| 000 | 00542nam a2200181Ia 4500 | ||
|---|---|---|---|
| 005 | 20250508150629.0 | ||
| 008 | 008 250505s9999 xx 000 0 eng d | ||
| 037 | _aTextual | ||
| 040 |
_aFEDL _beng _cFEDL |
||
| 041 |
_aeng _2eng |
||
| 084 |
_a302.23, MER _qFEDL |
||
| 100 | _aMerton Robert K. | ||
| 245 | 0 | _aMass persuasion : The social psychology of a war bond drive | |
| 260 |
_aNew York, USA _bHarper and Brothers Publishers _c1946 |
||
| 300 | _axiii,210p. | ||
| 942 |
_cTEXL _h302.23, MER |
||
| 999 |
_c1324682 _d1324682 |
||